000 00566pam a2200217 i 4500
001 4598961
005 20180208034937.0
008 760820s1976 nyua b 001 0 eng
010 _a 76041332
020 _a0814453937 :
_c$14.95
040 _aDLC
_cDLC
_dDLC
041 _aeng
080 _a658.4
082 0 0 _a658.4 MCC
100 1 _a54
101 _aLID
245 1 0 _aHow to manage by results /
_cDale D. McConkey.
504 _aIncludes bibliographical references and index.
906 _a7
_bcbc
_corignew
_d1
_eocip
_f19
_gy-gencatlg
942 _2ddc
_cBK
999 _c42086
_d42086